<?xml version="1.0" encoding="UTF-8"?>
<record
    xmlns:xsi="http://www.w3.org/2001/XMLSchema-instance"
    xsi:schemaLocation="http://www.loc.gov/MARC21/slim http://www.loc.gov/standards/marcxml/schema/MARC21slim.xsd"
    xmlns="http://www.loc.gov/MARC21/slim">

  <leader>01507cab a2200229Ia 45 0</leader>
  <controlfield tag="001">u198418</controlfield>
  <controlfield tag="003">SIRSI</controlfield>
  <controlfield tag="008">120228s2005    ua     ss b         eng d</controlfield>
  <datafield tag="040" ind1=" " ind2=" ">
    <subfield code="a">EAL</subfield>
  </datafield>
  <datafield tag="090" ind1=" " ind2=" ">
    <subfield code="a">ART EJAR V83 No3 SI 10</subfield>
  </datafield>
  <datafield tag="100" ind1="1" ind2=" ">
    <subfield code="a">Kelany, Ibrahim M.</subfield>
  </datafield>
  <datafield tag="240" ind1="1" ind2="0">
    <subfield code="a">Egyptian journal of agricultural research, 2005 v. 83 (3) , Special issue</subfield>
    <subfield code="h">[electronic resource]:</subfield>
    <subfield code="b">The Third International Conference of Plant Protection Research Institute: 26-29 November 2005.</subfield>
  </datafield>
  <datafield tag="245" ind1="1" ind2="0">
    <subfield code="a">Study on some plant extracts and their formulations as save, alternative and bio- control measures for certain insect pests</subfield>
    <subfield code="h">[electronic resource].</subfield>
  </datafield>
  <datafield tag="300" ind1=" " ind2=" ">
    <subfield code="a">p.949-960.</subfield>
  </datafield>
  <datafield tag="504" ind1=" " ind2=" ">
    <subfield code="a">Includes references.</subfield>
  </datafield>
  <datafield tag="520" ind1=" " ind2=" ">
    <subfield code="a">The conventional pesticides caused for the time being many problems, some of which the appearance of highly resistant strains of numerous pests, deleterious effects on the environment. At the same time such pesticides are expensive to export for developing poor countries with limited foreign currency. Therefore, the search for bio-active substances which have satisfactory properties concerning their effects on the target pests, not expensive to produce and also environmental safety is nowadays very urgent and not later on.</subfield>
  </datafield>
  <datafield tag="650" ind1=" " ind2="0">
    <subfield code="a">Pests</subfield>
    <subfield code="x">Biological control.</subfield>
  </datafield>
  <datafield tag="650" ind1=" " ind2="0">
    <subfield code="a">Plant extracts.</subfield>
  </datafield>
  <datafield tag="773" ind1="0" ind2=" ">
    <subfield code="t">Egyptian Journal of Agricultural Research. </subfield>
    <subfield code="g">2005.v.83(3),SI</subfield>
    <subfield code="x">1110-6336</subfield>
    <subfield code="7">nnas</subfield>
    <subfield code="w">u158585</subfield>
  </datafield>
  <datafield tag="856" ind1="4" ind2="0">
    <subfield code="u">http://nile.enal.sci.eg/EALE/2005/EJAR/8305/3si/949.pdf</subfield>
    <subfield code="z">Full Text Article.</subfield>
  </datafield>
  <datafield tag="596" ind1=" " ind2=" ">
    <subfield code="a">1</subfield>
  </datafield>
  <datafield tag="942" ind1=" " ind2=" ">
    <subfield code="c">AR</subfield>
    <subfield code="2">lcc</subfield>
  </datafield>
  <datafield tag="999" ind1=" " ind2=" ">
    <subfield code="c">51273</subfield>
    <subfield code="d">51273</subfield>
  </datafield>
</record>
